01665pam a2200385 a 4500999001700000001000700017003000900024005001700033008004100050020001800091020002200109040003800131041001300169082002300182100003600205240003700241245023400278264006000512264001000572300004600582336002600628337002800654338002700682490004400709504005100753650003500804653002100839655002400860700004300884856008800927856007401015906004501089942001201134952013301146 c28668d28639651407EG-ScBUE20200906153212.0940215t1994 enka f b 001 0 eng d a9780471943693 a047194369X (pbk.) aDLCbengerdacDLCdDLCdEG-ScBUE1 aenghger04a574.19214bKAI2221 aKaim, Wolfgang,d1951-eauthor.10aBioanorganische Chemie.lEnglish10aBioinorganic chemistry :binorganic elements in the chemistry of life : an introduction and guide /cWolfgang Kaim, Universität Stuttgart, Stuttgart, Germany and Brigitte Schwederski, Universität Stuttgart, Stuttgart, Germany 1aWest Sussex, England :bJohn Wiley & Sons Ltd.,c[1994] 4cc1994 axii, 401 pages :billustrations ;c26 cm. 2rdacontentatextbtxt 2rdamediaaunmediatedbn 2rdacarrieravolumebnc0 aInorganic chemistry : a textbook series aIncludes bibliographical references and index. 7aBioinorganic chemistry.2BUEsh bGGENcAugust2020 vReading book9342321 aSchwederski, Brigitte,d1959-eauthor.423Publisher descriptionuhttp://www.loc.gov/catdir/description/wiley034/94006718.html4 3Table of Contentsuhttp://www.loc.gov/catdir/toc/onix05/94006718.html a7bcbccorignewd1eocipf19gy-gencatlg 2ddccBB 00102ddc40708BaccahaMAINbMAINc1STd2020-09-06ePurchasel0o574.19214 KAIp000049564r2025-07-15 00:00:00w2020-09-06yBB